| 000 | 01872ncm0a2200385 4500 | ||
|---|---|---|---|
| 001 | RU\NLR\ONIZ\216256 | ||
| 005 | 20250626045205.0 | ||
| 010 |
_a978-5-346-00883-5 _bобщ. |
||
| 010 |
_a978-5-346-00884-2 _bч. 1 |
||
| 021 |
_aRU _b07-431 _907-20 |
||
| 035 | _aRU\NLR\ONIZ\Таня\5000003752\20161228120221 | ||
| 035 | _a(NLR Aleph) 011338604 | ||
| 090 |
_a11179236 _c11179236 |
||
| 100 | _a20161101d2008 |||y0rusy50 ca | ||
| 101 | 0 | _arus | |
| 102 | _aRU | ||
| 125 | _azx | ||
| 128 | _achs | ||
| 145 | 0 | _aa | |
| 200 | 1 |
_aКнига песен. 1 класс _bНоты _eучеб. пособие к курсу "Цветок здоровья" _eВ 2 ч. _hЧ. 1 _fМ. Л. Лазарев |
|
| 210 |
_aМосква _cМнемозина _d2008 |
||
| 215 |
_a56 с. _d29 см |
||
| 225 | 1 | _aЗдоровое образование | |
| 313 | _aСистематизация документа проведена по изданию - Методика классифицирования музыкальных произведений (нотных изданий) по таблицам Библиотечно-библиографических классификаций : метод. рекомендации / Гос. б-ка СССР им. В.И. Ленина.- М., 1977. Индексу ББК методических рекомендаций присваивается код ББК для научных библиотек - LBC/SL | ||
| 686 |
_aЩ98я71(2Р) _vLBC/SL _2rubbk |
||
| 700 | 1 |
_9z01790 _aЛазарев _bМ. Л. _gМихаил Львович _4230 |
|
| 790 | 1 |
_9z01700 _aLazarev _bM. L. _gMihail L'vovich _4230 |
|
| 801 | 0 |
_aRU _bNLR _c20161101 _gPSBO |
|
| 801 | 1 |
_aRU _bNLR _c20161101 _2rusmarc |
|
| 801 | 2 |
_aRU _bNLR _c20190630 |
|
| 852 |
_aNLR _bМ _jК-3/28402(1.1) _pМОЭ 2007-20/431 _t1 |
||
| 942 | _cSCORE | ||
| 980 | _aNB | ||
| 980 | _aONIZ | ||